00422nam a2200157Ia 4500100001700000650001400017942000700031654001600038245002500054260003400079082001000113300000800123546001200131999001700143952010400160 aKuznotsov/D  aChemistry cBK aEngineering aChemical Engineering bMir PublishersaMoscowc1969 a660.2 a328 aENGLISH c29899d29899 001040708AFTaCRCEbCRCEd2023-03-17g4.60l0o660.2 pAFT1346r2023-03-17v4.60w2023-03-17yBK